Statistiques concernant Les pokémons de type Spectre

Cliquez ici pour prendre le quiz!

Statistiques générales

  • Ce quiz a été pris 58 fois
  • Le résultat moyen est 33 sur 43

Statistiques - réponses

GénérationRéponse% Correct
1Ectoplasma
100%
1Fantominus
100%
1Spectrum
100%
3Branette
95%
3Polichombr
93%
2Feuforêve
89%
5Funécire
89%
5Lugulabre
89%
5Mélancolux
89%
4Giratina
86%
4Magirêve
86%
3Skelénox
86%
7Mimiqui
84%
4Spiritomb
84%
3Téraclope
84%
6Brocélôme
82%
4Noctunoir
82%
6Desséliande
80%
3Ténéfix
80%
4Baudrive
77%
4Grodrive
77%
4Momartik
77%
6Pitrouille
77%
5Tutafeh
77%
5Tutankafer
77%
6Banshitrouye
75%
4Motisma
75%
5Golemastoc
73%
5Moyade
73%
5Viskuse
73%
6Hoopa
70%
7Lunala
70%
7Marshadow
70%
5Gringolem
68%
7Sinistrail
66%
7Archéduc
64%
6Dimoclès
64%
6Exagide
64%
6Monorpale
64%
3Munja
64%
7Bacabouh
57%
7Trépassable
57%
7Pierroteknik
48%

Distribution des résultats

Percentile par nombre de réponses

% des personnes avec chaque résultat

Votre développement - résultats

Vous n’avez pas pris ce quiz